00605cam a2200205u 45000010008000000030004000080050017000120080041000290100017000700400019000870500016001060820015001221000060001372450055001972600037002523000027002896500020003166510013003367000050003496944086OSt20230703103355.0830517s1946 enkk 000 0 eng  a 47025914  aDLCcCarPdDLC00aHE151b.B88 a350.8bBUL1 aBulkeley, George Vicary Owen,d1892- [from old catalog]10aTransport administration in tropical dependencies. aLondon,bRailway gazette,c1946. a190 p.bforms.c23 cm. 0aTransportation. 0aTropics.1 aSmith, Ernest John,d1888- [from old catalog]